| 000 | 00608cam a22002294i 4500 | ||
|---|---|---|---|
| 020 | _a9780736822831 | ||
| 020 | _a0736822836 | ||
| 020 | _a9780736846745 | ||
| 020 | _a0736846743 | ||
| 040 | _cDLC | ||
| 082 | 0 | 0 | _a630 SCA 1997 C165 Or. |
| 100 | 1 | _aAdamson, Heather, | |
| 245 | 1 | 2 | _aA day in the life of a farmer / |
| 246 | 3 | 0 | _aFarmer |
| 300 |
_a24 pages : _bcolor illustrations ; _c21 cm |
||
| 490 | 1 | _aFirst facts. Community helpers at work | |
| 520 | _aExplains what farmers do during a typical day | ||
| 650 | 0 | _aFarmers | |
| 650 | 0 | _aAgriculture | |
| 650 | 0 | _aOccupations | |
| 942 | _cAEDBB | ||
| 999 |
_c19342 _d19342 |
||